000
00212 a2200097 4500
001
32183
100
_a
Smith, Michael J. T
245
_a
Aircraft Noise
260
_a
N.Y
_b
Cambridge
_c
1989
090
_c
21627
_d
21627
942
_a
NUST-CAE
_c
M
_c
12922
999
_c
267256
_d
267256